| 000 | 00604nam a2200229 a 4500 | ||
|---|---|---|---|
| 001 | BRCA_3589 | ||
| 005 | 20190320204338.0 | ||
| 008 | 070809s1957----gw-a---###---#000-0#ger-# | ||
| 041 | _ager | ||
| 044 | _agw | ||
| 050 | 4 |
_aNA590 _b.F33 1957 |
|
| 100 | 1 |
_aFaber, Gustav _99320 |
|
| 245 | 1 | 0 |
_aTropisches Barock _cvon Gustav Faber. |
| 260 |
_aHannover, Alemania _bTaurus _c1957 |
||
| 300 |
_a13 p. _bil., 18 láminas _c24 cm. |
||
| 440 | 0 |
_aDas Meisterwerk _99321 |
|
| 500 | _aB259 | ||
| 650 | 1 | 4 |
_aArte barroco _93994 |
| 650 | 1 | 4 |
_aArquitectura _zAmérica Latina _96736 |
| 902 | _aGFM | ||
| 942 |
_2lcc _cB |
||
| 999 |
_c3324 _d3324 |
||